000 006140000a22001810004500
090 _aAR
_b02334
245 1 0 _aPlantae Colombianae XIX: e Partibus amazonicis witotorum plantae fructuariae sativae novae
650 1 4 _aBotánica
_9361
650 1 4 _aFrutas silvestres
_993031
650 1 4 _aEtnobotánica
_992498
651 4 _pAmazonía, Colombia
_992749
653 _fApocynaceae
_gMacoubea
_eMacoubea witotorum
653 _fLeguminosae
_gInga
_eInga chorerana
041 0 _aInglés
100 1 _aEvans Schultes, Richard
_915229
942 _cARTICULO
773 1 _tBotanical Museum Leaflets
_31203
_h8
_q193-205
_d1976
_g24
999 _c11405
_d11405